000 00319nam a22001337a 4500
008 171009b xxu||||| |||| 00| 0 eng d
020 _a9780205193455
041 _aeng
080 _25 ED
_a159.9
100 _a49
101 _aPSI
245 _aPSYCHOLOGY THE SCIENCE OF BEHAVIOR
_cCARLSON.N.R
942 _2udc
_cBK
999 _c32508
_d32508